Occurrence of ground waters of low hardness and of high chloride content in Lyon County, Minnesota, (Record no. 29454)

MARC details
000 -LEADER
fixed length control field 01038cam a22002771 4500
001 - CONTROL NUMBER
control field gs 60000212
003 - CONTROL NUMBER IDENTIFIER
control field DLC
005 - DATE AND TIME OF LATEST TRANSACTION
control field 20260227111409.0
008 - FIXED-LENGTH DATA ELEMENTS--GENERAL INFORMATION
fixed length control field 821011s1960 dcub b f000 0 eng c
010 ## - LIBRARY OF CONGRESS CONTROL NUMBER
LC control number gs 60000212
035 ## - SYSTEM CONTROL NUMBER
System control number (OCoLC)8850844
040 ## - CATALOGING SOURCE
Original cataloging agency U.S. Geol. Survey. Libr.
Transcribing agency MsSM
Modifying agency MsSM
-- OCoLC
-- DLC
042 ## - AUTHENTICATION CODE
Authentication code premarc
043 ## - GEOGRAPHIC AREA CODE
Geographic area code n-us-mn
050 00 - LIBRARY OF CONGRESS CALL NUMBER
Classification number QE75
Item number .C5 no. 423
100 1# - MAIN ENTRY--PERSONAL NAME
Personal name Rodis, Harry G.
Fuller form of name (Harry George),
Dates associated with a name 1927-
245 10 - TITLE STATEMENT
Title Occurrence of ground waters of low hardness and of high chloride content in Lyon County, Minnesota,
Statement of responsibility, etc. by H.G. Rodis and Robert Schneider.
260 ## - PUBLICATION, DISTRIBUTION, ETC.
Place of publication, distribution, etc. Washington,
Date of publication, distribution, etc. 1960.
300 ## - PHYSICAL DESCRIPTION
Extent iii, 2 p.
Other physical details fold. map.
Dimensions 27cm.
410 20 - SERIES STATEMENT/ADDED ENTRY--CORPORATE NAME [OBSOLETE, CAN/MARC], [LOCAL, USA]
Corporate name or jurisdiction name as entry element Geological Survey (U.S.).
Title of a work Circular,
Volume number/sequential designation 423
500 ## - GENERAL NOTE
General note Prepared in cooperation with the Division of Waters, Minnesota Department of Conservation.
650 #0 - SUBJECT ADDED ENTRY--TOPICAL TERM
Topical term or geographic name entry element Groundwater
Geographic subdivision Minnesota
-- Lyon County.
650 #0 - SUBJECT ADDED ENTRY--TOPICAL TERM
Topical term or geographic name entry element Water-supply
Geographic subdivision Minnesota
-- Lyon County.
650 #0 - SUBJECT ADDED ENTRY--TOPICAL TERM
Topical term or geographic name entry element Water
General subdivision Composition.
700 1# - ADDED ENTRY--PERSONAL NAME
Personal name Schneider, Robert
Dates associated with a name 1921-
Relator term joint author.

No items available.

Powered by Koha